| 000 | 00635nam a22001817a 4500 | ||
|---|---|---|---|
| 005 | 20260129143951.0 | ||
| 010 | _aENG-147557 | ||
| 020 |
_c525.00 _a9789348685568 |
||
| 035 | _aEN-131089 | ||
| 037 |
_bDBAD _aDPL |
||
| 082 |
_a110 _21 |
||
| 100 |
_aPanthanmackel, George _987041 |
||
| 245 |
_aComing & Going of Tadekam/ _cGeorge Panthanmackel |
||
| 260 |
_bATC Publishers _aBengaluru _c2025 |
||
| 270 |
_aSt's Mary Block, Archdiocesan,Pastoral Center,#5, Nandidurga Road,Benson Town _bBengaluru _e560046 _k+918025491999 _k7090100444 _minfo@atcpublishers.com |
||
| 300 |
_a335p. _c21cm(pb) |
||
| 942 |
_2ddc _cEN _h110 _mPAN |
||
| 999 |
_c214317 _d214317 |
||